Ballando con uno sconosciuto /
Guardado en:
| Otros Autores: | , , , |
|---|---|
| Formato: | |
| Lenguaje: | italiano |
| Publicado: |
Roma :
L'Espresso,
[1996]
|
| Colección: | I classici proibiti
|
| Etiquetas: |
Sin Etiquetas, Sea el primero en etiquetar este registro!
|
MARC
| LEADER | 00000ngm a22000007i 4500 | ||
|---|---|---|---|
| 001 | IT\ICCU\TO0\0627480 | ||
| 003 | ItRI | ||
| 005 | 20260124182847.0 | ||
| 008 | 980513s1996 it |||||||||||||||k|||||c | ||
| 040 | |b ita | ||
| 041 | 7 | |a ita |2 ISO-639-2 | |
| 130 | 0 | |a Dance with a Stranger <film ; 1984> |3 IT\ICCU\RAV\1442701 | |
| 245 | 0 | 0 | |a Ballando con uno sconosciuto / |c regia di Mike Newell. |
| 246 | 1 | 3 | |a Ballando con uno sconosciuto <videoregistrazione> |9 IT\ICCU\MOD\0941604 |
| 260 | |a Roma : |b L'Espresso, |c [1996] | ||
| 300 | |a 1 videocassetta (VHS) (99 min.) : |b color., son | ||
| 500 | |a Tit. del contenitore | ||
| 500 | |a Film del 1985, Gran Bretagna; interpreti: Rupert Everett, Miranda Richardson, Ian Holm. | ||
| 700 | 1 | |a Holm, Ian, |d (1931-2020) |0 IT\ICCU\RAVV\088521 | |
| 700 | 1 | |a Everett, Rupert |0 IT\ICCU\RAVV\089849 | |
| 700 | 1 | |a Richardson, Miranda |0 IT\ICCU\RAVV\092965 | |
| 700 | 1 | |a Newell, Mike |0 IT\ICCU\REAV\096554 | |
| 790 | 1 | |a Cuthbert, Ian Holm, |d (1931-2020) |3 IT\ICCU\SBNV\066934 |z Holm, Ian (1931-2020) | |
| 830 | 2 | |a I classici proibiti |0 IT\ICCU\TO0\0627470 | |
| 942 | |2 ddc |c VM |n 0 | ||
| 952 | |0 0 |1 0 |4 0 |6 VO_975_000000000000000 |7 0 |9 27141 |a BO |b BO |d 2026-01-24 |i 8194 |l 0 |o VO 975 |p BO8194 |r 2026-01-24 18:28:47 |w 2026-01-24 |x [Sebina 5] [1 videocassetta] |y VM |z 1 videocassetta | ||
| 999 | |c 22974 |d 22974 | ||